Đầu tư kinh doanh bất động sản

Cuốn sách “Đầu Tư Kinh Doanh Bất Động Sản” được biên soạn nhằm tạo điều kiện hệ thống hoá kiến thức về lý luận cũng như chuyển tải các văn bản pháp luật về đầu tư kinh doanh bất động sản, soạn thảo các câu hỏi trắc nghiệm và đáp á...

Ausführliche Beschreibung

Gespeichert in:
Bibliographische Detailangaben
1. Verfasser: Phan, Thị Cúc
Format: Buch
Sprache:Undetermined
Veröffentlicht: Thành phố Hồ Chí Minh Đại học Quốc gia Hồ Chí Minh 2009
Schlagworte:
Tags: Tag hinzufügen
Keine Tags, Fügen Sie den ersten Tag hinzu!
Thư viện lưu trữ: Trung tâm Học liệu Trường Đại học Cần Thơ
LEADER 01281nam a2200205Ia 4500
001 CTU_159214
008 210402s9999 xx 000 0 und d
020 |c 69000 
082 |a 332.6324 
082 |b C506 
100 |a Phan, Thị Cúc 
245 0 |a Đầu tư kinh doanh bất động sản 
245 0 |c Biên soạn Phan Thị Cúc, Nguyễn Văn Xa 
260 |a Thành phố Hồ Chí Minh 
260 |b Đại học Quốc gia Hồ Chí Minh 
260 |c 2009 
520 |a Cuốn sách “Đầu Tư Kinh Doanh Bất Động Sản” được biên soạn nhằm tạo điều kiện hệ thống hoá kiến thức về lý luận cũng như chuyển tải các văn bản pháp luật về đầu tư kinh doanh bất động sản, soạn thảo các câu hỏi trắc nghiệm và đáp án, để thuận lợi trong việc giảng dạy và tiếp thu kiến thức, thi cử, kiểm tra để lấy giấy chứng nhận. 
650 |a Real estate investment,Commercial real estate,Đầu tư bất động sản,Kinh doanh bất động sản 
904 |i Trọng Hiếu 
980 |a Trung tâm Học liệu Trường Đại học Cần Thơ